| 000 | 00438 a2200181 4500 | ||
|---|---|---|---|
| 001 | 113976 | ||
| 020 | _a9780070723641 | ||
| 041 | _apor | ||
| 090 | _aP Year 8 [E] | ||
| 100 | _aBocknek, Jonathan et.all. | ||
| 250 | _a. ed. | ||
| 697 | _aScience. | ||
| 856 | _u00000f/00000fdb.jpg | ||
| 040 |
_aBR-BrIDEA _cBR-BrIDEA |
||
| 245 | 1 | 0 |
_aDiscovering Science 8 _c Jonathan et.all Bocknek |
| 260 |
_a[S.l.] _bToronto _c2009 |
||
| 942 | _cBK | ||
| 999 |
_c113976 _d113976 |
||